Central Library OPAC University of Rajshahi

سیر انصار حصہ دوم ;;; // siar ansaar / (Record no. 85217)

MARC details
000 -LEADER
fixed length control field 00546nam a2200193 4500
001 - CONTROL NUMBER
control field 85217
003 - CONTROL NUMBER IDENTIFIER
rucl marc code BD-RjUL
005 - DATE AND TIME OF LATEST TRANSACTION
control field 20250715171237.0
008 - FIXED-LENGTH DATA ELEMENTS--GENERAL INFORMATION
fixed length control field 250715s195? pk ||||| |||| 00| 0 urd d
035 ## - SYSTEM CONTROL NUMBER
System control number (BD-RjUL)85217
040 ## - CATALOGING SOURCE
Original cataloging agency BD-RjUL
Language of cataloging eng
Transcribing agency BD-RjUL
041 ## - LANGUAGE CODE
Language code of text/sound track or separate title urd
082 ## - DEWEY DECIMAL CLASSIFICATION NUMBER
Edition number 23
Classification number 2970922
Author mark and year ANS 195?
245 ## - TITLE STATEMENT
Title سیر انصار حصہ دوم ;;; // siar ansaar /
Statement of responsibility, etc. Sayed Ansari سيد انصاري
300 ## - PHYSICAL DESCRIPTION
Pagination V. ; [282 p]. ;
Size 25 cm
505 ## - FORMATTED CONTENTS NOTE
Formatted contents note Vol. 2.--
650 ## - SUBJECT ADDED ENTRY--TOPICAL TERM
Topical term or geographic name as entry element Biography
Form subdivision Islam
9 (RLIN) 1685
942 ## - ADDED ENTRY ELEMENTS (KOHA)
Source of classification or shelving scheme Dewey Decimal Classification
Koha item type Books
Holdings
Lost status Source of classification or shelving scheme Damaged status Not for loan Collection code Permanent Location Current Location Shelving location Date acquired Full call number Date last seen Copy number Koha item type
  Dewey Decimal Classification   Not For Loan Non-fiction Central Library, University of Rajshahi Central Library, University of Rajshahi Reading Room 15/07/2025 U 2970922 ANS V-2 195? 15/07/2025 C-1 Books